| 000 | 00486nam a2200181Ia 4500 | ||
|---|---|---|---|
| 999 |
_c28503 _d28503 |
||
| 003 | OSt | ||
| 005 | 20201117111332.0 | ||
| 008 | 190216s9999||||xx |||||||||||||| ||und|| | ||
| 020 | _a9788126410378 | ||
| 040 | _coclc | ||
| 082 |
_a894.8123 _bTHA/S |
||
| 100 |
_aThampi, P V _96658 |
||
| 245 | 0 |
_aSooryakalati / _cP V Thampi |
|
| 260 |
_bDc Books, _a Kottayam: _c2006. |
||
| 300 | _a587p | ||
| 650 | _aNovel | ||
| 942 |
_cBK _2ddc _h894.8123 _iTHA/S _k894.8123 _mTHA/S |
||